000 00298nam a2200109Ia 4500
005 20260328101518.0
008 260328s9999||||xx |||||||||||||| ||und||
245 2 _aA boa Arquitetura de uma generacao /
260 _bPanamericana Escola de Arte e Design
650 _aARQUITECTURA REGIONAL
942 _cBK
999 _c9474
_d9474